Southville International School and Colleges
Your cart is empty.
  • Cart
  • Lists
    Public lists Eva Luna New books Lux_list list_1
    Your lists Log in to create your own lists
  • Log in to your account
  • Your cookies
  • Search history
Southville International School and Colleges
  • Advanced search
  • Recent comments
  • Most popular
  • Libraries

Log in to your account

Log in with GOOGLE


If you do not have an external account, but do have a local account, you can still log in:

  1. Home
  2. MARC view: Puss in boots /
Normal view MARC view ISBD view

Puss in boots / (Record no. 112138)

[ view plain ]
MARC details
000 -LEADER
fixed length control field 00548nam a2200193 a 4500
001 - CONTROL NUMBER
control field 3206
005 - DATE AND TIME OF LATEST TRANSACTION
control field 20140414131928.0
008 - FIXED-LENGTH DATA ELEMENTS--GENERAL INFORMATION
fixed length control field 040227s19uu xx 00 eng d
020 ## - INTERNATIONAL STANDARD BOOK NUMBER
International Standard Book Number 0-7214-9920-1
050 ## - LIBRARY OF CONGRESS CALL NUMBER
Classification number ER
Item number P96 1999
100 ## - MAIN ENTRY--PERSONAL NAME
Personal name Baxter, Nicola
245 ## - TITLE STATEMENT
Title Puss in boots /
Statement of responsibility, etc retold by Nicola Baxter ; illustrated by Martin Remphry.
260 ## - PUBLICATION, DISTRIBUTION, ETC. (IMPRINT)
Place of publication, distribution, etc Leiterceshire, England :
Name of publisher, distributor, etc Ladybir,
Date of publication, distribution, etc 1999.
300 ## - PHYSICAL DESCRIPTION
Extent 1 v. p . : ill. ; cm.
440 ## - SERIES STATEMENT/ADDED ENTRY--TITLE
Title Enchanted tales
650 ## - SUBJECT ADDED ENTRY--TOPICAL TERM
Topical term or geographic name as entry element Folk tales.
650 ## - SUBJECT ADDED ENTRY--TOPICAL TERM
Topical term or geographic name as entry element Children stories.
Holdings
Withdrawn status Lost status Damaged status Home library Current library Shelving location Date acquired Source of acquisition Total Checkouts Full call number Barcode Date last seen Price effective from Koha item type
      Munich Library Munich Library Easy Reading Section 02/27/2004     ER P96 1999 M3202 04/14/2014 04/14/2014 Books

Puss in boots /

APA

Baxter N., . (1999). Puss in boots. Leiterceshire, England: Ladybir.

Chicago

Baxter Nicola, . 1999. Puss in boots. Leiterceshire, England: Ladybir.

Harvard

Baxter N., . (1999). Puss in boots. Leiterceshire, England: Ladybir.

MLA

Baxter Nicola, . Puss in boots. Leiterceshire, England: Ladybir. 1999.

  • Place hold
  • Print
  • Cite
  • Add to your cart (remove)
  • Save record
    BIBTEX Dublin Core MARCXML MARC (non-Unicode/MARC-8) MARC (Unicode/UTF-8) MARC (Unicode/UTF-8, Standard) MODS (XML) RIS
  • More searches
    Search for this title in:
    Other Libraries (WorldCat) Other Databases (Google Scholar) Online Stores (Bookfinder.com) Open Library (openlibrary.org)

Exporting to Dublin Core...

SOUTHVILLE LIBRARY

Southville International School and Colleges Library

1281 Tropical Ave. Cor. Luxembourg St., BF Homes International, Las Pinas City

Tel. No. 8256374 / 252358 Loc. 117/146

Powered by Koha